| 000 | 00903nam a2200337Ia 4500 | ||
|---|---|---|---|
| 001 | 8541 | ||
| 005 | 20240113234118.0 | ||
| 007 | ta | ||
| 008 | 050719s 198 g b000 u eng u | ||
| 020 | _cPB | ||
| 040 | _aCotton College Assam | ||
| 041 | _aeng | ||
| 082 |
_a370 _bRe 246 Op |
||
| 100 | _aReddy, G. Ram . | ||
| 245 | 0 |
_aOpen Universities: The Ivory Towers Thrown Open / _cG. Ram Reddy. _hTextual Documents |
|
| 250 | _a1st ed. / | ||
| 260 |
_aNew Delhi : _bSterling publishers , _cC 1988. |
||
| 300 |
_aviii, 270p. ; _c22cm. |
||
| 504 | _aIndex | ||
| 653 | _aEducation-Open Universities | ||
| 653 | _aOpen University- Ivory Towers Thrown Open | ||
| 653 | _aOpen Universities-Ivory | ||
| 653 | _aPG-Education | ||
| 653 | _aG-Education | ||
| 942 |
_2ddc _cBK |
||
| 999 |
_c8528 _d8528 |
||